000 00518nam a2200205Ia 4500
003 OSt
005 20240912144042.0
008 220927b |||||||| |||| 00| 0 eng d
024 _a13264
037 _cTextual
040 _aSDCL
_cSDCL
_beng
041 _2eng
_aeng
082 _aWv J6
100 _aField, G.C.,
_9371179
245 0 _aPolitical theory :
260 _c1956.
_aLondon :
_bMethuen & Co Ltd.,
300 _axi,297p.
942 _hWv J6
_cRAR
_2CC
999 _c815673
_d815673